Middle East, 1940-1942, (Record no. 542703)

000 -LEADER
fixed length control field 00625cam a22001691 4500
082 ## - DEWEY DECIMAL CLASSIFICATION NUMBER
Classification number 358.400956
Author Mark GUE
-- L-28,P-34
100 1# - MAIN ENTRY--PERSONAL NAME
Personal name Guedalla, Philip,
9 (RLIN) 37992
245 10 - TITLE STATEMENT
Title Middle East, 1940-1942,
Remainder of title a study in air power,
Statement of responsibility, etc. by Philip Guedalla .
260 ## - PUBLICATION, DISTRIBUTION, ETC.
Place of publication, distribution, etc. London,
Name of publisher, distributor, etc. Hodder and Stoughton limited
Date of publication, distribution, etc. [1944]
300 ## - PHYSICAL DESCRIPTION
Extent 237 p.
Other physical details illus., double maps, ports.
Dimensions 23 cm.
500 ## - GENERAL NOTE
General note "First printed September 1944."
526 ## - STUDY PROGRAM INFORMATION NOTE
Program name 0
Interest level 0
Reading level 0
Title point value 358_400956000000000_GUE
650 #0 - SUBJECT ADDED ENTRY--TOPICAL TERM
Topical term or geographic name entry element MCE
9 (RLIN) 379
650 #0 - SUBJECT ADDED ENTRY--TOPICAL TERM
Topical term or geographic name entry element World War, 1939-1945
General subdivision Aerial operations, British.
9 (RLIN) 37993
650 #0 - SUBJECT ADDED ENTRY--TOPICAL TERM
Topical term or geographic name entry element World War, 1939-1945
Geographic subdivision Middle East.
9 (RLIN) 37994
942 ## - ADDED ENTRY ELEMENTS (KOHA)
Source of classification or shelving scheme
Koha item type Book
Holdings
Withdrawn status Lost status Source of classification or shelving scheme Damaged status Not for loan Permanent Location Current Location Date acquired Total Checkouts Full call number Barcode Date last seen Price effective from Koha item type
          Military College of Engineering (MCE) Military College of Engineering (MCE) 02/11/2014   358.400956 GUE MCE-30852 02/11/2014 02/11/2014 Book
© 2023 Central Library, National University of Sciences and Technology. All Rights Reserved.